Rozpoznaj kraj po mapie-fladze - Statystyki

Ogólne statystyki
  • Ten quiz został rozwiązany 967 razy
  • Średni wynik to 12 z 20
Statystyki odpowiedzi
Obrazkowy Odpowiedź % Poprawnych
Czechy
99%
Hiszpania
97%
Belgia
96%
Chorwacja
90%
Chiny
88%
Katar
78%
Brazylia
73%
Kanada
72%
Stany Zjednoczone
72%
Wietnam
57%
Chile
54%
Uzbekistan
54%
Peru
51%
Ghana
46%
Haiti
33%
Botswana
32%
Surinam
27%
Gambia
24%
Komory
23%
Grenada
18%
Nie znaleziono quizów pasujących do podanych kryteriów
Rozkład punktacji
Procent ludzi z każdym wynikiem
Percentyl według liczby udzielonych odpowiedzi
Twoja historia wyników
Nie rozwiązałeś tego quizu